000 00811nam a2200217 i 4500
001 58839
003 ES-MaACL
005 20230906163912.0
007 t|
008 031024s1943 sp ||||1| spa d
100 1 _aEggert, John.
_946724
245 1 0 _aTratado de Química Física en exposición elemental /
_cpor John Eggert ; con la colaboración de Lothar Hock ; versión española por J. Palacios ; revisada y puesta al día según la 5ª edición alemana por J. Mercadal Medina.
250 _a2ª ed.
260 _aBarcelona :
_bLabor,
_c1943 (
_fTall. Ibero-Americanos)
300 _aXVI, 726 p. :
_bil., gráf. ;
_c24 cm.
700 1 _aHock, Lothar.
_963879
700 1 _aPalacios, J.
_9192357
700 1 _aMercadal Medina, J.
_980413
852 _aES-MaACL
_jE-1459
_bR.30888
999 _c58839
_d58839